Statistics for Europe by Letter A - Picture Quiz

Click here to take the quiz!

General Stats

  • This quiz has been taken 126 times
  • The average score is 12 of 18

Answer Stats

Answer% Correct
Alps
97%
Amsterdam
97%
Andorra
92%
Austria
89%
Adriatic Sea
88%
Auschwitz
88%
Aristotle
82%
Acropolis
73%
Alexander the Great
67%
Asterix
63%
Anarchism
56%
Ares
56%
Alsace
54%
{Appian} Way
41%
Atomium
41%
Aeroflot
33%
{Avignon} Bridge
29%
Asgard
22%

Score Distribution

Percentile by Number Answered

Percent of People with Each Score

Your Score History

You have not taken this quiz